000 01417nam a22003737a 4500
003 CHAP
005 20220817042513.0
008 971013s r 00010 d
010 _a46603
011 _a47575
035 _a51718
040 _cCHAP
082 _a378.242
_bU5
110 _aUniversidad de Costa Rica. San José
_9116416
245 _aLista de tesis grado de la Unversidad de Costa Rica, 19 -
260 _aSan José :
_bLa Universidad,
_c19 -
300 _av.
500 _aLa biblioteca tiene: 1964, 1965-66, 1968-74
590 _aBATCH-UPD
_b10
_c20130110
_lUCH01
_h1158
590 _aBATCH-UPD
_b10
_c20130410
_lUCH01
_h0740
590 _aBATCH-UPD
_b10
_c20130914
_lUCH01
_h2044
590 _aCONVERSION
_b10
_c20130109
_lUCH01
_h1325
650 1 4 _aTesis
_xBibliografía.
650 1 4 _aTesis
_xSumarios.
_9112469
901 _aBK
942 _cLIBRO
949 _a378.242 U5
_bBC
_cC
_d33724000513941
_eC
_f1972
_h41557
_i51718
_si
949 _a378.242 U5
_bBC
_cC
_d33724000513958
_eC
_f1965-66
_h15463
_i51718
_mD
_si
949 _a378.242 U5
_bBC
_cC
_d33724000513974
_eC
_f1974
_h41555
_i51718
_si
949 _a378.242 U5
_bBC
_cC
_d33724000513982
_eC
_f1968
_h15783
_i51718
_mD
_si
949 _a378.242 U5
_bBC
_cC
_d33724000514006
_eC
_f1973
_h41556
_i51718
_si
949 _a378.242 U5
_bBC
_cC
_d33724000514014
_eC
_f1969-71
_h33840
_i51718
_mD
_si
949 _a378.242 U5
_bBC
_cC
_d33724000514287
_eC
_f1964
_h15462
_i51718
_mD
_si
999 _c46603
_d46603